Vývoj pôrodnosti na Slovensku bakalárska práca

Gespeichert in:
Bibliographische Detailangaben
1. Verfasser: Kováčová, Denisa
Körperschaft: Fakulta hospodárskej informatiky EU. Katedra štatistiky
Weitere Verfasser: Karasová, Katarína, 1989-
Format: Buch
Sprache:Slowakisch
Veröffentlicht: Bratislava 2018
Tags: Tag hinzufügen
Keine Tags, Fügen Sie das erste Tag hinzu!

MARC

LEADER 00000nbm a2200000 4500
001 0245303
005 20181010083606.4
041 0 |a slo 
044 |a SK 
245 1 0 |a Vývoj pôrodnosti na Slovensku  |b bakalárska práca  |c Denisa Kováčová ; školiteľ: Katarína Karasová 
264 1 |a Bratislava  |c 2018 
300 |a 43 s. 
100 1 |a Kováčová, Denisa 
700 1 |a Karasová, Katarína, 1989- 
710 2 |a Fakulta hospodárskej informatiky EU. Katedra štatistiky